| 000 | 00350 a2200133 4500 | ||
|---|---|---|---|
| 001 | 88468 | ||
| 082 | _aPR 687 | ||
| 090 |
_c41893 _d41893 |
||
| 100 | _aZia H Khan | ||
| 245 | _aStudy of film and drop wise condensation | ||
| 260 |
_aKarachi _bUniversity of Karachi _c1974 |
||
| 300 |
_a120p. _eZaidi, S.K.N |
||
| 500 | _aBE Project Reports | ||
| 942 |
_aUniversity of Karachi _kPR 687 |
||
| 999 |
_c323541 _d323541 |
||